[Event "Udaipur Lakecity op 3rd"]
[Site "Udaipur"]
[Date "2019.03.28"]
[Round "1"]
[White "Harikrishnan, A Ra"]
[Black "Tawar, Abhirajsingh"]
[Result "1-0"]
[WhiteElo "2413"]
[BlackElo "1264"]
[PlyCount "33"]
[EventDate "2019.03.28"]
[EventType "swiss"]
[EventRounds "8"]
[EventCountry "IND"]
[SourceTitle "CBM 189 Extra"]
[Source "ChessBase"]
[SourceDate "2019.06.03"]
[SourceVersion "1"]
[SourceVersionDate "2019.06.03"]
[SourceQuality "1"]

1. e4 e5 2. Nf3 Nf6 3. Nxe5 d6 4. Nf3 Nxe4 5. d3 Nf6 6. d4 d5 7. Bd3 Bd6 8. 0-0 0-0 9. h3 Re8 10. Bg5 Nbd7 11. Nc3 c6 12. Qd2 Qc7 13. Rae1 h6 14. Rxe8+ Nxe8 15. Bxh6 gxh6 16. Qxh6 Nef6 17. Ng5 1-0